[Event "EU-ch Schools U13"]
[Site "Limerick"]
[Date "2024.06.07"]
[Round "9"]
[White "Murthy, Arush Ajai"]
[Black "Woods, Yannick"]
[Result "1/2-1/2"]
[WhiteElo "1593"]
[BlackElo "1938"]
[PlyCount "39"]
[EventDate "2024.05.31"]
[EventType "swiss"]
[EventRounds "9"]
[EventCountry "IRL"]
[SourceTitle "CBM 220 Extra"]
[Source "ChessBase"]
[SourceDate "2024.07.31"]
[SourceVersion "1"]
[SourceVersionDate "2024.07.31"]
[SourceQuality "1"]

1. d4 d5 2. c4 c6 3. e3 Nf6 4. Nc3 e6 5. Nf3 Bd6 6. Bd3 dxc4 7. Bxc4 b5 8. Bd3 Nbd7 9. 0-0 0-0 10. Ne4 Nxe4 11. Bxe4 Bb7 12. Bc2 a6 13. Qd3 f5 14. e4 c5 15. exf5 exf5 16. Ng5 Qf6 17. Re1 Rae8 18. Bd2 Be4 19. Qh3 h6 20. Nxe4 1/2-1/2

[Event "EU-ch Schools U13"]
[Site "Limerick"]
[Date "2024.06.05"]
[Round "7"]
[White "Murthy, Arush Ajai"]
[Black "Ward, Cian"]
[Result "1/2-1/2"]
[WhiteElo "1593"]
[BlackElo "1843"]
[PlyCount "62"]
[EventDate "2024.05.31"]
[EventType "swiss"]
[EventRounds "9"]
[EventCountry "IRL"]
[SourceTitle "CBM 220 Extra"]
[Source "ChessBase"]
[SourceDate "2024.07.31"]
[SourceVersion "1"]
[SourceVersionDate "2024.07.31"]
[SourceQuality "1"]

1. d4 e6 2. c4 Nf6 3. Nc3 Bb4 4. e3 c5 5. Nf3 cxd4 6. exd4 d5 7. a3 Bxc3+ 8. bxc3 0-0 9. Bg5 Qa5 10. Qc2 Ne4 11. Bd2 Nc6 12. Bd3 f5 13. 0-0 Qc7 14. Rfe1 Na5 15. cxd5 exd5 16. Rab1 Bd7 17. Ne5 Nc6 18. Bf4 Nxe5 19. Bxe5 Qc6 20. Rbc1 Nd6 21. Bxd6 Qxd6 22. Qb3 Bc6 23. Re5 g6 24. Rce1 Rad8 25. Re6 Qc7 26. R6e5 Rfe8 27. f4 Rxe5 28. Rxe5 Re8 29. Rxe8+ Bxe8 30. g3 Bf7 31. Kf2 b6 1/2-1/2

[Event "WLS-chB 68th"]
[Site "Cardiff"]
[Date "2024.04.01"]
[Round "6"]
[White "Thomas, Roy"]
[Black "Murthy, Arush Ajai"]
[Result "1-0"]
[WhiteElo "1804"]
[BlackElo "1526"]
[PlyCount "21"]
[EventDate "2024.03.29"]
[EventType "swiss"]
[EventRounds "7"]
[EventCountry "WLS"]
[SourceTitle "CBM 219 Extra"]
[Source "ChessBase"]
[SourceDate "2024.05.31"]
[SourceVersion "1"]
[SourceVersionDate "2024.05.31"]
[SourceQuality "1"]

1. f4 g6 2. Nf3 Bg7 3. e3 d6 4. d4 Nd7 5. Bc4 h6 6. 0-0 Ngf6 7. Nc3 0-0 8. Nh4 e5 9. Nxg6 Re8 10. fxe5 dxe5 11. dxe5 1-0

[Event "Stokes Cup"]
[Site "Stirling"]
[Date "2023.08.18"]
[Round "1"]
[White "Murthy, Arush Ajai"]
[Black "McCormick, Polly"]
[Result "1-0"]
[WhiteElo "1091"]
[BlackElo "1274"]
[PlyCount "65"]
[EventDate "2023.08.18"]
[EventType "team-tourn"]
[EventRounds "6"]
[EventCountry "SCO"]
[SourceTitle "CBM 216 Extra"]
[Source "ChessBase"]
[SourceDate "2023.11.30"]
[SourceVersion "1"]
[SourceVersionDate "2023.11.30"]
[SourceQuality "1"]
[WhiteTeam "Wales"]
[BlackTeam "Ireland"]
[WhiteTeamCountry "WLS"]
[BlackTeamCountry "IRL"]

1. d4 Nf6 2. c4 g6 3. Nc3 Bg7 4. e4 d6 5. f3 0-0 6. Be3 Nbd7 7. Qd2 Re8 8. 0-0-0 e5 9. d5 a6 10. Kb1 b6 11. Qc2 Bb7 12. Nge2 Bf8 13. h4 c5 14. g4 h5 15. Bg5 Be7 16. Ng3 hxg4 17. fxg4 Nxg4 18. Bxe7 Qxe7 19. Qe2 Ndf6 20. Bh3 Bc8 21. Rdf1 Nh5 22. Nxh5 gxh5 23. Qf3 Rf8 24. Rfg1 Kh7 25. Nd1 f5 26. Ne3 Qf7 27. Rf1 f4 28. Nxg4 Bxg4 29. Bxg4 hxg4 30. Qxg4 Rg8 31. Qf3 Rg3 32. Qxg3 Rg8 33. Qf3 1-0